Normal view
MARC view
- Weir, William,
Entry Personal Name
001 - CONTROL NUMBER
- control field: 107905
003 - CONTROL NUMBER IDENTIFIER
- control field: NUST
005 - DATE AND TIME OF LATEST TRANSACTION
- control field: 20230127123744.0
008 - FIXED-LENGTH DATA ELEMENTS
- fixed length control field: 230127|| aca||aabn | a|a d
040 ## - CATALOGING SOURCE
- Original cataloging agency: NUST
- Transcribing agency: NUST
100 ## - HEADING--PERSONAL NAME
- Personal name: Weir, William,
- Dates associated with a name: 1928-
670 ## - SOURCE DATA FOUND
- Source citation: Work cat.: (NUST)0: Weir, William, 1928-, 50 battles that changed the world :, 2008
